Performance of certain wild Hevea accessions in the early phase of further evaluation (Record no. 47286)

MARC details
000 -LEADER
fixed length control field 00696nam a2200253Ia 4500
100 ## - MAIN ENTRY--AUTHOR NAME
Personal name Reghu
245 #0 - TITLE STATEMENT
Title Performance of certain wild Hevea accessions in the early phase of further evaluation
260 ## - PUBLICATION, DISTRIBUTION, ETC. (IMPRINT)
Name of publisher Natural Rubber Research
Year of publication 2004
300 ## - PHYSICAL DESCRIPTION
Number of Pages 103-107
650 ## - SUBJECT ADDED ENTRY--TOPICAL TERM
Topical Term Bark anatomy
650 ## - SUBJECT ADDED ENTRY--TOPICAL TERM
Topical Term Bark anatomy
650 ## - SUBJECT ADDED ENTRY--TOPICAL TERM
Topical Term Brazilian germplasm
650 ## - SUBJECT ADDED ENTRY--TOPICAL TERM
Topical Term Brazilian germplasm
650 ## - SUBJECT ADDED ENTRY--TOPICAL TERM
Topical Term Hevea brasiliensis
650 ## - SUBJECT ADDED ENTRY--TOPICAL TERM
Topical Term Hevea brasiliensis
650 ## - SUBJECT ADDED ENTRY--TOPICAL TERM
Topical Term Rank sum evaluation
650 ## - SUBJECT ADDED ENTRY--TOPICAL TERM
Topical Term Rank sum evaluation
700 ## - ADDED ENTRY--PERSONAL NAME
Personal name Abraham S T
700 ## - ADDED ENTRY--PERSONAL NAME
Personal name bC P
700 ## - ADDED ENTRY--PERSONAL NAME
Personal name Nair R B
700 ## - ADDED ENTRY--PERSONAL NAME
Personal name Varghese Y A
942 ## - ADDED ENTRY ELEMENTS (KOHA)
Koha item type Articles
Holdings
Withdrawn status Lost status Damaged status Not for loan Home library Current library Shelving location Date acquired Serial Enumeration / chronology Koha item type
      Articles RRII Library RRII Library Germaplsm 20/12/2021 Volume 17, Issue 2 Articles